| 000 | 01179nam a22002657a 4500 | ||
|---|---|---|---|
| 001 | 22190 | ||
| 005 | 20260409121623.0 | ||
| 008 | 260407b |||||||| |||| 00| 0 spa d | ||
| 020 | _a9786125192059 | ||
| 041 | _aESP | ||
| 082 |
_a324.985 _bB96P |
||
| 100 |
_aBustos Ocampos, Mariuxy _eAUT |
||
| 245 |
_aParticipación indígena y accesibilidad electoral en el Perú : _bdiagnóstico, desafíos y rutas de acción |
||
| 250 | _aPrimera edición | ||
| 260 |
_aLima : _bOficina Nacional de Procesos Electorales (ONPE), _c2025 |
||
| 300 |
_a181 páginas : _btablas, gráficos, mapas ; _c24 cm. |
||
| 440 |
_a(Documento de trabajo ; _nnúmero 57) |
||
| 650 | _aCIS | ||
| 653 | _aParticipación indígena; Accesibilidad electoral; Ciudadanía; Implementaciones institucionales | ||
| 654 | _aCDE | ||
| 700 |
_aPelaez Cotrina, Guillermo _eAUT |
||
| 856 |
_uhttps://0u20jvrne-y-https-www-jstor-org.itmsp.museknowledge.com/ _zVéase además: Base de datos JSTOR |
||
| 856 |
_uhttps://0u21avruf-y-https-go-gale-com.itmsp.museknowledge.com/ps/start.do?authCount=1&u=ucsp&p=IFME&aty=ip _zVéase además: Base de datos Gale OneFile Informe Académico |
||
| 942 |
_cLIB _dJUS _fJUS _n0 _2ddc |
||
| 999 |
_c22190 _d22190 |
||